000 00568nam a2200169 4500
001 148059
003 ES-MaACL
005 20230906202415.0
007 t|
008 070214s1971 sp r ||||1| spa d
100 1 _aSprowls, R. Clay.
_9107812
245 1 0 _aIntroducción a la programación en lenguaje PL/I /
_cR. Clay Sprowls ; traducción y adaptación de Francisco Sanchís Llorca.
260 _aMadrid :
_bDel Castillo,
_c1971.
300 _aVIII, 183 p. :
_bil. ;
_c27 cm.
700 1 _aSanchís Llorca, F. J.
_9103014
852 _aES-MaACL
_jC-37300
_bR.76986
999 _c148059
_d148059